[Event "Goch op 23rd"]
[Site "Goch"]
[Date "2012.08.31"]
[Round "2"]
[White "Molenkamp, Wim"]
[Black "Coenen, Michael"]
[Result "0-1"]
[WhiteElo "2046"]
[BlackElo "2309"]
[PlyCount "44"]
[EventDate "2012.08.30"]
[EventType "swiss"]
[EventRounds "7"]
[EventCountry "GER"]
[SourceTitle "EXT 2015"]
[Source "ChessBase"]
[SourceDate "2014.11.20"]
[SourceVersion "1"]
[SourceVersionDate "2014.11.20"]
[SourceQuality "1"]

1. b3 c5 2. Bb2 d5 3. e3 Nf6 4. Nf3 e6 5. Ne5 a6 6. Be2 Be7 7. 0-0 0-0 8. f4 Nfd7 9. Bd3 Bf6 10. Rf3 g6 11. Rh3 Nc6 12. Nxd7 Bxb2 13. Nxf8 e5 14. f5 e4 15. Nc3 exd3 16. Qb1 Bxa1 17. Qxa1 Bxf5 18. Nxh7 Bxh3 19. Nxd5 Kxh7 20. Nf6+ Kh8 21. gxh3 Nd4 22. Qf1 dxc2 0-1

[Event "Goch op 22nd"]
[Site "Goch"]
[Date "2011.09.29"]
[Round "1"]
[White "Schaefer, Michael2222"]
[Black "Molenkamp, Wim"]
[Result "1-0"]
[WhiteElo "1758"]
[BlackElo "2056"]
[PlyCount "69"]
[EventDate "2011.09.29"]
[EventType "swiss"]
[EventRounds "7"]
[EventCountry "GER"]
[SourceTitle "EXT 2014"]
[Source "ChessBase"]
[SourceDate "2013.11.20"]
[SourceVersion "1"]
[SourceVersionDate "2013.11.20"]
[SourceQuality "1"]

1. d4 f5 2. Bg5 h6 3. Bd2 Nf6 4. Nc3 g6 5. Nf3 d6 6. e3 Be6 7. Bd3 Nc6 8. e4 Nb4 9. Bb5+ c6 10. Ba4 fxe4 11. Nxe4 Nxe4 12. Bxb4 Qb6 13. c3 0-0-0 14. Bc2 Nf6 15. a4 g5 16. Qe2 Bd7 17. a5 Qc7 18. c4 Bg7 19. a6 b6 20. c5 dxc5 21. dxc5 Nd5 22. cxb6 Qxb6 23. Ba5 Qxb2 24. 0-0 Rdf8 25. Rfb1 Nc3 26. Qxe7 Nxb1 27. Rxb1 Bc3 28. Qd6 Qxb1+ 29. Bxb1 Bxa5 30. Ne5 Rd8 31. Nxd7 Rxd7 32. Bf5 Rhh7 33. Qxc6+ Kd8 34. Qa8+ Ke7 35. Bxd7 1-0